Statistics for アイドルマスター ミリオンライブ!10thLIVEセットリスト

Click here to take the quiz!

General Stats

  • This quiz has been taken 16 times
    (8 since last reset)
  • The average score is 93 of 255

Answer Stats

No.楽曲歌唱メンバー% Correct
12オレンジの空の下末柄里恵
100%
8ショコラブル*イブ小笠原早紀・駒形友梨・夏川椎菜・藤井ゆきよ・山崎はるか
100%
3AIKANE?小笠原早紀
100%
4FIND YOUR WIND!平山笑美
100%
2Legend Girls!!麻倉もも・伊藤美来・小岩井ことり
100%
5Only One Second駒形友梨
100%
13STEREOPHONIC ISOTONIC中村温姫
100%
6SUPER SIZE LOVE!!大関英里
100%
1Thank You!全員
100%
1Welcome!!全員
100%
9花びらメモリーズ大関英里・藤井ゆきよ・南早紀・渡部恵子
75%
21あのね、聞いてほしいことがあるんだ田村奈央
75%
4フェスタ・イルミネーション諏訪彩花
75%
41未来飛行山崎はるか
75%
16旅立ちのコンパス麻倉もも・桐谷蝶々・近藤唯・田村奈央
75%
2素敵なキセキ山崎はるか
75%
36俠気乱舞愛美・稲川英里・田村奈央・浜崎奈々・渡部恵子
75%
20絵羽模様郁原ゆう
75%
38電波感傷香里有佐・南早紀
75%
6ユニゾン☆ビート戸田めぐみ
75%
32矛盾の月郁原ゆう・小岩井ことり・南早紀
75%
7ゲキテキ!ムテキ!恋したい!角元明日香・中村温姫・原嶋あかり
75%
30透明なプロローグ伊藤美来
75%
29ライアー・ルージュ雨宮天
75%
28ローリング△さんかく渡部恵子
75%
27きまぐれユモレスク麻倉もも
75%
5ファンタジスタ・カーニバル角元明日香
75%
15おまじない木戸衣吹
75%
24流星群愛美
75%
8海風とカスタネット阿部里果・上田麗奈・近藤唯・浜崎奈々・山口立花子
75%
28瑠璃色金魚と花菖蒲南早紀
75%
27鳥籠スクリプチュア小岩井ことり
75%
25わたしは花、あなたは太陽伊藤美来・髙橋ミナミ・渡部恵子
75%
24トワラー愛美・木戸衣吹・戸田めぐみ・平山笑美
75%
34深層マーメイド田所あずさ・Machico
75%
21初恋バタフライ桐谷蝶々
75%
14マイペース☆マイウェイ浜崎奈々
75%
15フローズン・ワード藤井ゆきよ
75%
14パーフェクトゲーム斉藤佑圭
75%
13恋愛ロードランナー上田麗奈
75%
12バトンタッチ麻倉もも・小笠原早紀・桐谷蝶々・駒形友梨・原嶋あかり
75%
9オレンジノキオク伊藤美来・稲川英里・末柄里恵・種田梨沙・藤井ゆきよ
75%
22アニマル☆ステイション!原嶋あかり
75%
10ABSOLUTE RUN!!!田所あずさ・Machico・山崎はるか
75%
11Border LINE→→→♡山口立花子
75%
11catch my feeling髙橋ミナミ・中村温姫・野村香菜子・村川梨衣・渡部恵子・渡部優衣
75%
31Clover Days麻倉もも・雨宮天・上田麗奈・木戸衣吹
75%
43Crossing!全員
75%
43Crossing!全員(戸田めぐみを除く)
75%
26dans l'obscurité阿部里果・伊藤美来・斉藤佑圭・中村温姫・夏川椎菜
75%
23dear...髙橋ミナミ
75%
37DIAMOND JOKER藤井ゆきよ・Machico
75%
35ESPADA小笠原早紀・郁原ゆう・近藤唯・斉藤佑圭・末柄里恵・原嶋あかり・南早紀
75%
42EVERYDAY STARS!!全員
75%
30Happy Darling夏川椎菜
75%
17Harmony 4 You伊藤美来・小岩井ことり・香里有佐
75%
39恋のLesson初級編Machico
75%
7MUSIC JOURNEY香里有佐
75%
40Precious Grain田所あずさ
75%
10スペードのQ雨宮天・郁原ゆう・斉藤佑圭
75%
44Rat A Tat!!!全員
75%
1Rat A Tat!!!全員(戸田めぐみを除く)
75%
32REFRAIN REL@TION香里有佐・田所あずさ・Machico・南早紀・山崎はるか
75%
41Shamrock Vivace阿部里果・角元明日香・田村奈央・中村温姫・野村香菜子・渡部優衣
75%
37Shooting Stars麻倉もも・雨宮天・小笠原早紀・田所あずさ・平山笑美
75%
16Sing a Wing Song種田梨沙
75%
3Star Impression雨宮天・大関英里・小岩井ことり・夏川椎菜
75%
31Super Lover渡部優衣
75%
44Thank You!全員
75%
42UNION!!全員(戸田めぐみを除く)
75%
18Unknown Boxの開き方角元明日香・郁原ゆう・斉藤佑圭・諏訪彩花・田村奈央
75%
20トワラー愛美・木戸衣吹・平山笑美
50%
22恋心マスカレード野村香菜子
50%
6海風とカスタネット阿部里果・浜崎奈々・山口立花子
50%
23たんけんぼうけん☆ハイホー隊稲川英里
50%
25昏き星、遠い月小岩井ことり・野村香菜子・藤井ゆきよ・山口立花子
50%
33カワラナイモノ駒形友梨・近藤唯・浜崎奈々
50%
34カンパリーナ♡末柄里恵・野村香菜子・平山笑美
50%
18瑠璃色金魚と花菖蒲南早紀
50%
36赤い世界が消える頃阿部里果・大関英里・木戸衣吹・近藤唯・平山笑美
50%
2サウンド・オブ・ビギニング桐谷蝶々・種田梨沙・中村温姫・野村香菜子・渡部恵子
50%
35クルリウタ雨宮天・小笠原早紀・角元明日香・香里有佐・野村香菜子
50%
3ハッピー☆ラッキー☆ジェットマシーン渡部優衣
50%
13AIKANE?小笠原早紀
50%
15Be My Boy山口立花子
50%
33BORN ON DREAM!~HANABI☆NIGHT~上田麗奈・大関英里・駒形友梨・浜崎奈々・渡部優衣
50%
19夢みがちBride阿部里果・桐谷蝶々・渡部優衣
50%
7catch my feeling髙橋ミナミ・中村温姫・野村香菜子・渡部恵子・渡部優衣
50%
18CHEER UP! HEARTS UP!愛美・木戸衣吹・夏川椎菜
50%
29Crossing!全員
50%
29Crossing!全員
50%
29Crossing!全員
50%
26Dance in the Light駒形友梨・斉藤佑圭・戸田めぐみ・山口立花子
50%
19...In The Name Of。 ...LOVE?阿部里果
50%
20教えてlast note…近藤唯
50%
39Marionetteは眠らない愛美・平山笑美・Machico
50%
38夢にかけるRainbow愛美・郁原ゆう・種田梨沙・南早紀・山口立花子
50%
1Rat A Tat!!!全員
50%
21REFRAIN REL@TION香里有佐・田所あずさ・Machico・南早紀・山崎はるか 〜 全員
50%
4Star Impression大関英里・小岩井ことり
50%
22Thank You!全員
50%
1Thank You!全員
50%
30Thank You!全員
50%
31Thank You!全員
50%
30Thank You!全員
50%
29Up!10sion♪Pleeeeeeeeease!村川梨衣
50%
17花ざかりWeekend✿香里有佐・末柄里恵・髙橋ミナミ・平山笑美
50%
4シャクネツのパレード角元明日香
25%
5グローインミュージック!木戸衣吹
25%
8ムーンゴールド野村香菜子
25%
6グッデイ・サンシャイン!原嶋あかり
25%
11ふたり繋ぐ星座平山笑美
25%
17君だけの欠片郁原ゆう
25%
11バトンタッチ小笠原早紀・桐谷蝶々・駒形友梨・原嶋あかり
25%
10フェスタ・イルミネーション阿部里果・大関英里・木戸衣吹・小岩井ことり・浜崎奈々・平山笑美・Machico・山口立花子
25%
7海風とカスタネット阿部里果・浜崎奈々・山口立花子
25%
2ロケットスター☆Machico
25%
18トワラー愛美・木戸衣吹・平山笑美
25%
27アイル愛美・阿部里果・Machico
25%
2未来系ドリーマー山崎はるか
25%
7スマイルいちばん大関英里
25%
26プラリネ愛美
25%
22カーニヴァル・ジャパネスク諏訪彩花
25%
22アフタースクールパーリータイム藤井ゆきよ
25%
21トキメキの音符になって麻倉もも
25%
20瞳の中のシリウス愛美・桐谷蝶々・駒形友梨・近藤唯・諏訪彩花
25%
19ココロがかえる場所中村温姫・野村香菜子・渡部恵子
25%
17オリジナル声になって木戸衣吹
25%
16水中キャンディ髙橋ミナミ
25%
2ドリームトラベラー麻倉もも・稲川英里・大関英里・髙橋ミナミ・原嶋あかり
25%
14リフレインキス角元明日香・種田梨沙・藤井ゆきよ
25%
15恋の音色ライン野村香菜子
25%
5ハッピ〜 エフェクト!桐谷蝶々
25%
40シークレットジュエル~魅惑の金剛石~香里有佐・桐谷蝶々・山崎はるか・渡部恵子
25%
18ホントウノワタシ種田梨沙
25%
10祈りの羽根末柄里恵
25%
16さかしまの言葉南早紀
25%
30グッドサイン全員
25%
12バトンタッチ小笠原早紀・桐谷蝶々・駒形友梨・原嶋あかり
25%
15ゆえに…なんです阿部里果
25%
11ハミングバード香里有佐
25%
14リーチ・アップ・ステップ!渡部恵子
25%
9スノウレター田村奈央
25%
25Believe my change!Machico
25%
4君想いBirthday駒形友梨
25%
10bitter sweet末柄里恵
25%
7Black★Party小笠原早紀・平山笑美
25%
23BOUNCING♪ SMILE!稲川英里
25%
1Brand New Theater!全員
25%
16想いはCarnaval角元明日香
25%
9catch my feeling髙橋ミナミ・中村温姫・野村香菜子・渡部恵子・渡部優衣
25%
18CAT CROSSING雨宮天
25%
28Crossing!全員
25%
11Day After "Yesterday"斉藤佑圭
25%
28Dreaming!全員
25%
28Dreaming!全員
25%
8Eternal Harmony小笠原早紀・角元明日香・郁原ゆう・末柄里恵・夏川椎菜・平山笑美・山崎はるか
25%
23fruity love小笠原早紀・中村温姫
25%
4Heart♡・デイズ・Night☆小笠原早紀
25%
3Hearty!!藤井ゆきよ
25%
5IMPRESSION→LOCOMOTION!中村温姫
25%
24Maria Trap小岩井ことり
25%
12Melty Fantasia阿部里果・雨宮天・南早紀
25%
23M@STERPIECE全員
25%
14MUSIC JOURNEY香里有佐
25%
6MY STYLE! OUR STYLE!!!!渡部恵子
25%
3POKER POKER阿部里果
25%
24PRETTY DREAMER末柄里恵・夏川椎菜・山崎はるか・渡部優衣
25%
1Rat A Tat!!!全員
25%
17REACH THE SKY駒形友梨
25%
20REFRAIN REL@TION香里有佐・田所あずさ・Machico・南早紀・山崎はるか 〜 全員
25%
13Sentimental Venus阿部里果・山口立花子・渡部優衣
25%
25Shooting Stars藤井ゆきよ・小笠原早紀・平山笑美・斉藤佑圭
25%
14SMOKY THRILL田所あずさ・Machico・山崎はるか
25%
4Star Impression大関英里・小岩井ことり
25%
12サマ☆トリ 〜Summer trip〜平山笑美
25%
30Thank You!全員
25%
23Thank You!全員
25%
2ToP!!!!!!!!!!!!!田所あずさ・山崎はるか
25%
21VIVID イマジネーション夏川椎菜
25%
7求ム VS マイ・フューチャー浜崎奈々
25%
6WE ARE ONE!!浜崎奈々
25%
3We Have A Dream小笠原早紀・木戸衣吹・香里有佐・中村温姫・浜崎奈々・原嶋あかり・南早紀
25%
25泣き空、のちMachico
0%
17マリオネットの心愛美・平山笑美・Machico
0%
3ふわりずむ桐谷蝶々
0%
4週末だけのハーレクイン山口立花子
0%
16エージェント夜を往く小笠原早紀・桐谷蝶々・香里有佐・髙橋ミナミ・原嶋あかり・渡部優衣
0%
6アロー彗星愛美
0%
8ジャングル☆パーティー稲川英里・木戸衣吹・駒形友梨・近藤唯・諏訪彩花・髙橋ミナミ・Machico・山口立花子
0%
13満腹至極フルコォス大関英里
0%
13合言葉はスタートアップ!桐谷蝶々・小岩井ことり・諏訪彩花
0%
12ときどきシーソー原嶋あかり
0%
8マリオネットの心愛美・平山笑美・Machico
0%
21ハーモニクス愛美・田所あずさ
0%
17月曜日のクリームソーダ桐谷蝶々・近藤唯・原嶋あかり・Machico
0%
18ちいさな恋の足音近藤唯
0%
19たしかな足跡麻倉もも・阿部里果・大関英里・木戸衣吹・Machico・山口立花子
0%
24はなしらべ郁原ゆう
0%
29グッドサイン全員
0%
22稲妻スピリット渡部優衣
0%
15ALRIGHT*阿部里果・桐谷蝶々・駒形友梨・南早紀・渡部優衣
0%
14ALRIGHT*阿部里果・桐谷蝶々・駒形友梨・南早紀・渡部優衣
0%
19Angelic Parade♪小笠原早紀・角元明日香・末柄里恵・田村奈央・平山笑美
0%
9Angelic Parade♪桐谷蝶々・香里有佐・近藤唯・Machico
0%
9arcadia阿部里果・田所あずさ・浜崎奈々・平山笑美・山口立花子
0%
2ART NEEDS HEART BEATS中村温姫
0%
9Blue Symphony郁原ゆう・斉藤佑圭・種田梨沙・野村香菜子・平山笑美・藤井ゆきよ
0%
1Brand New Theater!全員
0%
21Brand New Theater!全員
0%
5CHANGE!!!!愛美・小笠原早紀・木戸衣吹・桐谷蝶々・髙橋ミナミ・浜崎奈々・原嶋あかり・平山笑美
0%
5CHANGE!!!!愛美・小笠原早紀・木戸衣吹・桐谷蝶々・髙橋ミナミ・浜崎奈々・原嶋あかり・平山笑美
0%
24Cherry Colored Love阿部里果・末柄里恵・野村香菜子・南早紀
0%
15Do the IDOL!! 〜断崖絶壁チュパカブラ〜全員
0%
20Do the IDOL!! 〜断崖絶壁チュパカブラ〜全員
0%
22Do the IDOL!! 〜断崖絶壁チュパカブラ〜全員
0%
27Do the IDOL!! 〜断崖絶壁チュパカブラ〜全員
0%
20Dreamscape斉藤佑圭・浜崎奈々
0%
23Episode. Tiara小笠原早紀・駒形友梨・田村奈央・藤井ゆきよ
0%
21FairyTaleじゃいられない阿部里果・雨宮天・野村香菜子・藤井ゆきよ・南早紀・渡部恵子
0%
11FairyTaleじゃいられない愛美・小岩井ことり・田所あずさ・中村温姫・山口立花子
0%
27Flyers!!!全員
0%
8勇気のfragrance近藤唯
0%
19Gift Sign田所あずさ
0%
28Glow Map全員
0%
10Good-Sleep, Baby♡稲川英里・木戸衣吹・原嶋あかり
0%
14HELLO, YOUR ANGEL♪小岩井ことり・原嶋あかり
0%
13HOME, SWEET FRIENDSHIP浜崎奈々・渡部恵子・渡部優衣
0%
16ピコピコIIKO!インベーダー大関英里・小岩井ことり・香里有佐
0%
12Melody in scape大関英里・駒形友梨
0%
8迷走Mind愛美・大関英里・木戸衣吹・小岩井ことり・Machico
0%
22M@STERPIECE全員
0%
19my song大関英里・小岩井ことり・香里有佐・髙橋ミナミ・田所あずさ・野村香菜子・渡部恵子
0%
6my song大関英里・小岩井ことり・香里有佐・髙橋ミナミ・田所あずさ・野村香菜子・渡部恵子
0%
17Next Life駒形友梨・中村温姫・野村香菜子・南早紀・山崎はるか・渡部恵子
0%
18Parade d'amour愛美・伊藤美来・田所あずさ・中村温姫
0%
19絶対的Performer山口立花子・渡部優衣
0%
10Princess Be Ambitious!!伊藤美来・大関英里・郁原ゆう・原嶋あかり・渡部優衣
0%
20Princess Be Ambitious!!木戸衣吹・駒形友梨・浜崎奈々・山崎はるか
0%
9P.S I Love You愛美・阿部里果・小岩井ことり・近藤唯・髙橋ミナミ・山口立花子
0%
15READY!!大関英里・小岩井ことり・駒形友梨・中村温姫・野村香菜子・山口立花子・山崎はるか・渡部恵子
0%
16READY!!大関英里・小岩井ことり・駒形友梨・中村温姫・野村香菜子・山口立花子・山崎はるか・渡部恵子
0%
25ReTale角元明日香・浜崎奈々・平山笑美
0%
12Sentimental Venus阿部里果・山口立花子・渡部優衣
0%
10チョー↑元気Show☆アイドルch@ng!小笠原早紀・桐谷蝶々・駒形友梨・髙橋ミナミ・原嶋あかり・中村温姫・野村香菜子・渡部恵子・渡部優衣
0%
26SING MY SONG田所あずさ
0%
23Sister小岩井ことり
0%
11Smiling Crescent麻倉もも・桐谷蝶々
0%
13SMOKY THRILL田所あずさ・Machico・山崎はるか
0%
26STANDING ALIVE種田梨沙・中村温姫・角元明日香・浜崎奈々・末柄里恵
0%
5Super Duper大関英里・渡部優衣
0%
27U・N・M・E・I ライブ渡部恵子・野村香菜子・山崎はるか・夏川椎菜・郁原ゆう・渡部優衣
0%
7恋のWa・Wo・N伊藤美来
0%
3We Have A Dream小笠原早紀・木戸衣吹・香里有佐・中村温姫・浜崎奈々・原嶋あかり・南早紀
0%
26ZETTAI×BREAK!! トゥインクルリズム雨宮天・木戸衣吹・山崎はるか・渡部恵子
0%

Score Distribution

Percentile by Number Answered

Percent of People with Each Score

Your Score History

You have not taken this quiz since the last reset